1726 1357 1852 1550 1043 1948 1301 1673 1791 1429 1888 1841 1990 1323 1336 1581 1136 1742 1460 1564 1421 1764 1190 1371 1014 1592 1780 1425 1687 1454 1438 1085 1973 1562 1117 1938 1637 1261 1138 1808 1433 1053 1833 1982 1227 1542 1470 1239 1454 1877 1928 1110 1515 1391 1003 1806 1599 1649 1338 1952 1065 1230 1121 1979 1272 1146 1669 1763 1628 1838 1353 1068 1503 1384 1347 1407 1830 1948 1107 1525 1781 1578 1928 1634 1495 1187 1114 1801 1974 1460 1521 1733 1504 1301 1606 1992 1498 1836 1911 BCNSPRNW ULIB Ver.6.0+V

เปลี่ยนเป็นภาษาไทย

Change to English
 แสดงรายละเอียดบรรณานุกรม
  กลับหน้าหลัก

Brief Record : Get Marc (ISO 2709) : E-mail record : QR code < ปิดหน้าต่าง
LEADER : 00000nam 2200000uu 4500
001    13399113246
003     ULIB
008    111004s2549||||th 000 0 tha d
020    9749940725 (ล.1)
050  4 QH307.2^bป469ช ล.1 2549
100 0  ปรีชา สุวรรณพินิจ
245 10 ชีววิทยา /^cปรีชา สุวรรณพินิจ, นงลักษณ์ สุวรรณพินิจ
250    พิมพ์ครั้งที่ 8
260    กรุงเทพฯ :^bสำนักพิมพ์แห่งจุฬาลงกรณ์มหาวิทยาลัย,^c2549
300    2 เล่ม :^bภาพประกอบ ;^c26 ซม.
650  4 ชีววิทยา
650  4 วิทยาศาสตร์ชีวภาพ
700 0  นงลักษณ์ สุวรรณพินิจ
945    ^p190^l0^i021054
945    ^p190^l0^i021055
945    ^p190^l0^i021056
995    ทศพร
999 ^a ทศพร
รายการนี้ยังไม่มีแท็ก
คุณยังไม่ได้ล็อกอิน คุณสามารถมีกิจกรรมร่วมกับเว็บไซต์ได้ แต่ต้องล็อกอินก่อน ::
  ล็อกอิน

รายการสื่อสารสนเทศ

ลำดับที่ ประเภท เลขเรียก/บาร์โค้ด สถานที่ สถานะ
- ไม่พบข้อมูล -

รายการใกล้เคียง
    ผู้แต่ง [ปรีชา สุวรรณพินิจ]

    หัวเรื่อง [ชีววิทยา]
    หัวเรื่อง [วิทยาศาสตร์ชีวภาพ]

BibComment


ยังไม่เคยถูกคอมเมนท์

คอมเมนท์ทรัพยากรรายการนี้
  คอมเมนท์: ชีววิทยา ปรีชา ..


 Copyright 2026. Bcnsprnw @Library